| 000 | 01384namaa22003251i 4500 | ||
|---|---|---|---|
| 005 | 20260221102219.0 | ||
| 008 | 260122s1997 ua a|||frm||| 000 0 eng d | ||
| 040 |
_aEG-GICUC _beng _cEG-GICUC _dEG-GICUC _erda |
||
| 041 | 0 |
_aeng _beng _bara |
|
| 049 | _aDeposit | ||
| 097 | _aPh.D | ||
| 099 | _aCai01.11.14.Ph.D.1997.He.M. | ||
| 100 | 0 |
_aHesham Mohamed Abdel Wahab El Saket, _epreparation. |
|
| 245 | 1 | 0 |
_aMeasurament of Dna content in wilms‘ tumours and its clinical significance / _cBy Hesham Mohamed Abdel Wahab El Saket ; Supervisors Prof. Dr. Nabhan Tawfik Kaddah, Prof. Dr. Assem El Feky, Prof. Dr. Yehia Fayed |
| 246 | 1 | 5 | _aقياس نسبة الحمض النووي في ورم ويلمز ومغزاه الاكلينيكي |
| 264 | 0 | _c1997. | |
| 300 |
_a138 Pages : _billustrations _c25 cm. + |
||
| 336 |
_2rda content _atext |
||
| 337 |
_2rdamedia _aUnmediated |
||
| 338 |
_2rdacarrier _avolume |
||
| 502 | _aThesis (Ph.D)-Cairo University, 1997 | ||
| 504 | _aBibliography: pages 121-138 | ||
| 653 | 0 | _awilms‘ tumours | |
| 700 | 0 |
_aNabhan Tawfik Kaddah _ethesis advisor. |
|
| 700 | 0 |
_aAssem El Feky _ethesis advisor. |
|
| 700 | 0 |
_aYehia Fayed _ethesis advisor. |
|
| 900 |
_DDepartment of General Surgery _FFaculty of Medicine _UCairo University _b1997 _cNabhan Tawfik Kaddah _cAssem El Feky _cYehia Fayed |
||
| 905 |
_aNehad _eNourhan |
||
| 942 |
_2ddc _cTH _e21 _n0 |
||
| 999 | _c177959 | ||